000 00452nam a2200181Ia 4500
003 GCL
008 140319s9999 xx 000 0 eng d
040 _aGCL /
_cGCL
082 0 4 _a843
_bF C
100 1 _aFROISSART
245 1 0 _aCHRONIQUES /
_cFROISSART
260 _a[S.N] :
_bLIBRAIRE GENERALE FRANCAISE ،
_c1988
300 _a214 P
490 _aLE LIVRE DE POCHE
_v0
650 0 4 _aLITERATURE
650 0 4 _aFRENCH LITERATURE
942 _2ddc
_cBK
999 _c22930
_d22930